| 000 | 01054nam a22002535i 4500 | ||
|---|---|---|---|
| 001 | 162647 | ||
| 003 | ES-MaACL | ||
| 005 | 20250804062755.0 | ||
| 008 | 981127s1860 be |||| | fre d | ||
| 040 |
_aCCPB | B _bspa _cCCPB | B |
||
| 100 | 1 |
_aProudhon, Pierre-Joseph. _994052 |
|
| 245 | 1 | 0 |
_aDe la justice dans la revolution et dans l´église / _cpar P. J. Proudhon. |
| 250 | _aNouvelle ed., rev., corr. et augm. | ||
| 260 |
_aBruxelles ; _aLeipzig : _bA. Schnèe Èditeur : _bA. N. Lebègue et C\pie\s, imp.- édit., _c1860. |
||
| 300 |
_a3 v. ; _c18 cm. |
||
| 490 | 1 |
_aEssais d´une philosophie populaire ; _v1-12 |
|
| 505 | 8 | _aContiene 12 estudios correspondientes a los 12 números de la serie | |
| 650 | 7 |
_aFilosofía _2embne _912802 |
|
| 752 |
_aBélgica - _dBruselas |
||
| 752 |
_aAlemania - _dLeipzig |
||
| 830 | 0 |
_aEssais d´une philosophie populaire ; _v1-12 _9222212 |
|
| 852 |
_aES-MaACL _jD-1828 _z-- Rúst. _z-- Legado de Modesto de la Fuente _q-- Sólo el estudio sexto : Le travail (172 p.) |
||
| 999 |
_c162647 _d162647 |
||